Statistics for Top 10 States With The Most Coastline

Click here to take the quiz!

General Stats

  • This quiz has been taken 21 times
  • The average score is 8 of 10

Answer Stats

CoastlineState% Correct
33,904 miAlaska
100%
3,427 miCalifornia
100%
8,436 miFlorida
100%
3,359 miTexas
95%
3,478 miMaine
90%
3,375 miNorth Carolina
86%
3,315 miVirginia
86%
3,190 miMaryland
67%
3,224 miMichigan
52%
7,721 miLouisiana
43%

Score Distribution

Percentile by Number Answered

Percent of People with Each Score

Your Score History

You have not taken this quiz